Hodnotenie finančného zdravia podniku pomocou tradičných ukazovateľov a ukazovateľa EVA

Predmetom článku je analýza podniku z oblasti environmentálnych služieb a odpadového hospodárstva z hľadiska finančnej výkonnosti, stability a schopnosti dlhodobej tvorby hodnoty. Využité budú tradičné pomerové ukazovatele, ako aj moderné metódy vychádzajúce z konceptu ekonomickej pridanej hodnoty a...

Description complète

Enregistré dans:
Détails bibliographiques
Auteur principal: Bachura, Martin, 2000-
Format: Chapitre de livre
Langue:slovaque
Sujets:
Tags: Ajouter un tag
Pas de tags, Soyez le premier à ajouter un tag!

MARC

LEADER 00000naa a2200000 4500
001 0314341
005 20260122095325.1
041 0 |a slo 
044 |a SK 
245 1 0 |a Hodnotenie finančného zdravia podniku pomocou tradičných ukazovateľov a ukazovateľa EVA  |c Martin Bachura 
520 |a Predmetom článku je analýza podniku z oblasti environmentálnych služieb a odpadového hospodárstva z hľadiska finančnej výkonnosti, stability a schopnosti dlhodobej tvorby hodnoty. Využité budú tradičné pomerové ukazovatele, ako aj moderné metódy vychádzajúce z konceptu ekonomickej pridanej hodnoty a predikčné modely bankrotu. Kombinovaný prístup umožní získať ucelený obraz o hospodárení podniku, nie len akú má likviditu či ziskovosť, ale zhodnotí, či skutočne generuje hodnotu pre vlastníkov a či je jeho finančný stav stabilný do budúcnosti. 
610 2 0 |a ukazovatele 
610 2 0 |a zdravie podniku finančné 
610 2 0 |a stabilita finančná 
610 2 0 |a zadlženosť 
610 2 0 |a rentabilita 
100 1 |a Bachura, Martin, 2000-